Advantages of controlled upward tapping (Record no. 53894)

MARC details
000 -LEADER
fixed length control field 00393nam a2200157Ia 4500
100 ## - MAIN ENTRY--AUTHOR NAME
Personal name Vanaga V
245 #0 - TITLE STATEMENT
Title Advantages of controlled upward tapping
260 ## - PUBLICATION, DISTRIBUTION, ETC. (IMPRINT)
Name of publisher Planters Bulletin
Year of publication 1987
300 ## - PHYSICAL DESCRIPTION
Number of Pages 27-34
650 ## - SUBJECT ADDED ENTRY--TOPICAL TERM
Topical Term CUT
700 ## - ADDED ENTRY--PERSONAL NAME
Personal name Ahmad Mohd Rawian
700 ## - ADDED ENTRY--PERSONAL NAME
Personal name Kow Phang Ah
700 ## - ADDED ENTRY--PERSONAL NAME
Personal name Shahabuddin Mohd Yusoff
942 ## - ADDED ENTRY ELEMENTS (KOHA)
Koha item type Journals
Holdings
Withdrawn status Lost status Damaged status Not for loan Home library Current library Date acquired Serial Enumeration / chronology Koha item type
      Journals RRII Library RRII Library 17/12/2021 Volume No., Issue 191 Journals